|
|
|
|
| LEADER |
00886nam a2200265 a 4500 |
| 001 |
000052263 |
| 003 |
CZ BrMZK |
| 005 |
20180628101917.0 |
| 008 |
950407s1995 xr f cze d |
| 015 |
|
|
|a cnb000173690
|z cnb000203693
|
| 020 |
|
|
|a 80-85788-48-9
|q (v knize neuvedeno ;
|q leporelo)
|z 80-85788-25-X
|
| 040 |
|
|
|a BOA001
|b cze
|
| 080 |
|
|
|a 084.1(02.053.2):58/59
|2 MRF
|
| 080 |
|
|
|a 58/59:084.1(02.053.2)
|2 MRF
|
| 100 |
1 |
|
|a Suchardová, Marie
|7 jx20040720012
|4 ill
|
| 245 |
1 |
0 |
|a Příroda :
|b podzim - zima /
|c il. Marie Suchardová.
|
| 260 |
|
|
|a Praha :
|b Axióma,
|c 1995
|
| 300 |
|
|
|a [10] s. :
|b il. ;
|c 21 cm
|
| 500 |
|
|
|a V roce1997 dotisk
|
| 500 |
|
|
|a Leporelo
|
| 653 |
0 |
|
|a příroda
|a zima
|
| 910 |
|
|
|a BOA001
|b PK-0123.940
|
| 964 |
|
|
|a Příroda
|x leporela
|
| 990 |
|
|
|a BK
|
| 996 |
7 |
|
|b 3119001601
|c PK-0123.940
|l MZK
|r Sklad / do 1 hodiny
|n 5
|p kup
|w 000052263
|u 000010
|a 1
|e BOA001
|j MZK50
|s A
|